000 01024nam a2200289 i 4500
001 18606
003 ES-MaACL
005 20240207215653.0
007 t|
008 011105s2001 sp ||||1| spa d
020 _a84-8310-760-0
080 _a929 Zugazagoitia, Julián
080 _a946.0"1936/39"
100 1 _aZugazagoitia, Julián.
_9118437
245 1 0 _aGuerra y vicisitudes de los españoles /
_cJulián Zugazagoitia ; prólogo de Santos Juliá ; notas de J.M. Villarías Zugazagoitia.
250 _a1ª ed. en Tusquets.
260 _aBarcelona :
_bTusquets,
_c2001.
300 _aXXXI, 648, [8] p. ;
_c23 cm.
490 1 _aTiempo de memoria ;
_v15
600 1 4 _aZugazagoitia, Julián.
_9118437
651 4 _aEspaña-
_xHistoria-
_y1936-1939, Guerra civil.
_98292
700 1 _aJuliá, Santos,
_d1940-2019
_967236
700 1 _aVillarías Zugazagoitia, José María.
_9138717
830 0 _aTiempo de memoria ;
_v15
_9180241
852 _aES-MaACL
_jL-25169
_bR.130499
999 _c18606
_d18606